| Tag |
First Indicator |
Second Indicator |
Subfields |
| LEADER |
00000cam a2200000 4500 |
| 001 |
in00000096822 |
| 005 |
20150925090436.0 |
| 008 |
781102s1956 nmu 00000 eng u |
| 010 |
|
|
|a gs 56000147
|
| 035 |
|
|
|a (OCoLC)04342498
|
| 035 |
|
|
|9 AAL2535AM
|
| 040 |
|
|
|c TXU
|d TXA
|d UtOrBLW
|
| 049 |
|
|
|a TXAM
|c [435386]
|
| 090 |
|
|
|a TN24.N6
|b A235 no. 38
|
| 100 |
1 |
|
|a Miesch, A. T.
|q (Alfred T.)
|
| 245 |
1 |
0 |
|a Geology of the Luis Lopez manganese district, Socorro County, New Mexico.
|
| 264 |
|
1 |
|a Socorro,
|b [publisher not identified] ;
|c 1956.
|
| 300 |
|
|
|a 31 pages :
|b illustrations, folded map, tables ;
|c 28 cm.
|
| 336 |
|
|
|a text
|b txt
|2 rdacontent
|
| 337 |
|
|
|a unmediated
|b n
|2 rdamedia
|
| 338 |
|
|
|a volume
|b nc
|2 rdacarrier
|
| 490 |
1 |
|
|a New Mexico. Bureau of Mines and Mineral Resources. Circular ;
|v 38
|
| 504 |
|
|
|a Bibliography: pages 30-31.
|
| 650 |
|
0 |
|a Manganese ores
|z New Mexico
|z Socorro County.
|
| 650 |
|
0 |
|a Geology
|z New Mexico
|z Socorro County.
|
| 830 |
|
0 |
|a Circular (New Mexico. Bureau of Mines and Mineral Resources) ;
|v 38.
|
| 999 |
|
|
|a MARS
|
| 999 |
f |
f |
|s cf502c8e-b08d-3980-a6bb-2ae4f85f0e13
|i b6162d41-d321-34f8-89ce-90ac8b242845
|t 0
|
| 952 |
f |
f |
|p ric
|a Texas A&M University
|b Rellis Campus
|c Joint Library Facility
|d Remote Storage
|t 0
|e TN24.N6 A235 no.38
|h Library of Congress classification
|i unmediated -- volume
|m A14805566757
|
| 998 |
f |
f |
|a TN24.N6 A235 no.38
|t 0
|l Remote Storage
|